| 000 | 01249pam a2200325 a 4500 | ||
|---|---|---|---|
| 001 | 3433715 | ||
| 005 | 20211207135159.0 | ||
| 008 | 910820s1991 dcua 001 0 eng | ||
| 010 | _a 91033546 | ||
| 020 | _a0870448307 | ||
| 040 |
_aDLC _cDLC _dDLC |
||
| 043 |
_an-cnp-- _an-usc-- _an-usp-- |
||
| 050 | 0 | 0 |
_aF595.3 _b.F57 1991 |
| 082 | 0 | 0 |
_a978.03 _220 _bFIS |
| 100 | 1 |
_aFisher, Ron, _d1938- _985917 |
|
| 245 | 1 | 0 |
_aHeartland of a continent : _bAmerica's plains and prairies / _cby Ron Fisher ; prepared by the Book Division, National Geographic Society. |
| 260 |
_aWashington, D.C. : _bThe Society, _cc1991. |
||
| 300 |
_a199 p. : _bcol. ill. ; _c26 cm. |
||
| 500 | _aIncludes index. | ||
| 650 | 0 |
_aPlains _zNorth America. _985918 |
|
| 650 | 0 |
_aPrairies _zNorth America. _985919 |
|
| 651 | 0 |
_aWest (U.S.) _xGeography. _985920 |
|
| 651 | 0 |
_aMiddle West _xGeography. _985921 |
|
| 651 | 0 |
_aGreat Plains _xGeography. _985922 |
|
| 651 | 0 |
_aPrairie Provinces _xGeography. _985923 |
|
| 710 | 2 |
_aNational Geographic Society (U.S.). _bBook Division. _985924 |
|
| 906 |
_a7 _bcbc _corignew _d1 _eocip _f19 _gy-gencatlg |
||
| 942 |
_2ddc _cBK |
||
| 999 |
_c587172 _d587172 |
||